Gigantes, olharapos e outras desmesuras (Registo nº 26645)

Detalhes MARC
000 -Etiqueta do registo
campo de controlo de comprimento fixo 006830000a22002170004500
001 - Identificador do registo
Campo de controlo 26645
010 ## - ISBN
Número (ISBN) 989-618-026-1
100 ## - Dados Gerais de Proc.
Dados gerais de processamento 20100727d2005 m y0pory5003 ba
101 0# - Língua da publicação
Língua do texto, banda sonora, etc. Português
102 ## - País de Publicação
País de publicação Portugal
200 1# - Título
Título próprio Gigantes, olharapos e outras desmesuras
Primeira menção de responsabilidade Maria Teresa Meireles
210 ## - Publicação, Distribuição
Lugar da edição, distribuição, etc. Lisboa
Nome do editor, distribuidor, etc. Apenas Livros
Data da publicação, distribuição, etc. 2005
215 ## - Descrição física
Descrição física 47 p
225 2# - Colecção
Título próprio da colecção À mão de respigar
Menção de responsabilidade dir. Ana Paula Guimarães
Indicação de volume 23
675 ## - CDU
Notação 398.2(469)
Edição BN
Língua da edição Português
675 ## - CDU
Notação 821.134.3-91.09
Edição BN
Língua da edição Português
700 #1 - Responsabilidade principal
Palavra de ordem Meireles
Outra parte do nome Maria Teresa
702 #1 - Responsabilidade secundária
Koha Internal Code 23481
Código de função Diretor
Palavra de ordem Guimarães
Outra parte do nome Ana Paula
090 ## - Números de controlo do sistema (Koha)
Número biblioitem do Koha (gerado automaticamente) 26645
942 ## - Elementos de entrada adicionados (Koha)
Tipo de item no Koha Monografias
Suprimido Disponível no OPAC
999 ## - Campo local
Campo local 26645
-- Bibliobase - BMTAV
-- 2019-01-21
Exemplares
Removido (estado) Perdido (estado) Data de aquisição Origem do registo (biblioteca) (codificado) Código da organização que empresta ou é detentora (biblioteca) Código de barras Local Número de inventário Cota Tipo de circulação (não pode ser emprestado) Tipo de item e material
Disponível Disponível 2010-07-27 Biblioteca Municipal Álvaro de Campos Biblioteca Municipal Álvaro de Campos BMTAV44241 Depósito 44241 R2 MEI-D Normal Monografias